000 00373 a2200169 4500
001 183378
020 _a85-16-01531-9
040 _cMagnum
100 _aCunha, Leo
240 1 0 _aQuase tudo na arca de Noé
_lpor
245 1 0 _aQuase tudo na arca de Noé
300 _a30
362 0 _a1997
440 1 _aModerna
697 _aLITERATURA INFANTO-JUVENIL
942 _cBK
999 _c183378
_d183378